00326nam a2200133Ia 4500008004100000020001500041041001200056082001600068100001500084245004500099260002500144300000800169650001500177221030s9999 xx 000 0 und d a0074630318 aEnglish a105.23bBee aF. P. Beer 0aVector Mechanics for Engineers : Statics bTMHaNew Delhic1997 a472 aMechanical